Manual de derecho del trabajo
محفوظ في:
| المؤلف الرئيسي: | |
|---|---|
| مؤلفون آخرون: | |
| التنسيق: | كتاب |
| اللغة: | الإسبانية |
| منشور في: |
Santiago
Jurídica de Chile
2002
|
| الطبعة: | 4a. ed |
| سلاسل: | Colección Manuales Jurídicos, 90
|
| الموضوعات: | |
| الوسوم: |
إضافة وسم
لا توجد وسوم, كن أول من يضع وسما على هذه التسجيلة!
|
MARC
| LEADER | 00000nam a2200000 a 4500 | ||
|---|---|---|---|
| 001 | UCM5695 | ||
| 003 | CL-VaPUC | ||
| 008 | 021018e20020700CL |||||||||||||||||spa|d | ||
| 020 | |a 9561014076v.1 | ||
| 082 | 0 | 4 | |a 344.8301 |b THA |2 21 |
| 100 | 0 | |a Thayer Arteaga, William |e author |9 471783 | |
| 700 | |a Novoa Fuenzalida, Patricio |e autor |9 481778 | ||
| 245 | 1 | 0 | |a Manual de derecho del trabajo |
| 250 | |a 4a. ed | ||
| 300 | |a v | ||
| 942 | |c BK | ||
| 945 | |d 20021018 00:00:00 |a vberengu | ||
| 260 | |a Santiago |b Jurídica de Chile |c 2002 | ||
| 500 | |a v.1: Generalidades | ||
| 500 | |a Derecho Colectivo del Trabajo | ||
| 650 | 7 | |a DERECHO LABORAL |2 CL-VaPUC |9 15 | |
| 650 | 0 | |a Sindicatos |9 255034 | |
| 650 | 0 | |a Derecho y legislación |9 255077 | |
| 650 | 0 | |a Negociación colectiva |9 312433 | |
| 651 | 7 | |a CHILE |2 CL-VaPUC |9 471785 | |
| 583 | |a last modification |c 20170710 10:53:15 |k Rodrigo Vera | ||
| 490 | 0 | |a Colección Manuales Jurídicos, 90 | |
| 999 | |c 301555 |d 301553 | ||
| 952 | |0 0 |1 0 |4 0 |6 344_830100000000000_THA_2002 |7 0 |8 A |9 360666 |a BIBDER |b BIBDER |d 2019-11-21 |h v.1 |i 3846318 |o 344.8301 THA 2002 |p 3846318 |r 2023-01-25 |w 2019-11-21 |y BK |k DER | ||